Obálka Náhled e-knihy:
PDF
Pro půjčování e-knih musíte být přihlášeni.
Jak si půjčit online?

Ranč Jabloňový květ. Julie a Elegán /

Pokračování příběhů kamarádek odehrávající se na ranči Jabloňový květ.

Uloženo v:
Série:Ranč Jabloňový květ, část 6
Hlavní autor: Young, Pippa, 1960- (Autor)
Další autoři: Štěpáníková, Lenka (Autor)
Médium: E-kniha
Jazyk:Czech
Vydáno: V Brně : CPress, 2022
Vydání:1. vydání
Témata:
Příbuzné jednotky:Z cyklu:: Ranč Jabloňový květ
Tagy:
Žádné tagy
LEADER 02615nam a2200517 i 4500
001 311773
003 CZ PrSKC
005 20260601215711.0
007 ta
008 221107s2022 xr a b 000 j cze
015 |a cnb003467491 
020 |a 9788026444930  |q (vázáno) :  |c Kč 249,00 
035 |a (OCoLC)1357140159 
040 |a ABG001  |b cze  |e rda 
041 1 |a cze  |h eng 
072 7 |a 821.111-3  |x Anglická próza, anglicky psaná  |2 Konspekt 
072 7 |a 821-93  |x Literatura pro děti a mládež (beletrie)  |2 Konspekt 
080 |a 821.111-32  |2 MRF 
080 |a 821-93  |2 MRF 
080 |a (0:82-32)  |2 MRF 
100 1 |a Young, Pippa,  |d 1960-  |7 xx0251631  |4 aut 
240 1 0 |a Julia and Smartie.  |l Česky 
245 1 0 |a Ranč Jabloňový květ.  |p Julie a Elegán /  |c Pippa Youngová ; z anglického originálu Apple blossom stables - Juliia and Smartie ... přeložila Lenka Štěpáníková 
246 3 0 |a Julie a Elegán 
250 |a 1. vydání 
264 1 |a V Brně :  |b CPress,  |c 2022 
300 |a 123 stran :  |b ilustrace ;  |c 22 cm 
336 |a text  |b txt  |2 rdacontent 
337 |a bez média  |b n  |2 rdamedia 
338 |a svazek  |b nc  |2 rdacarrier 
500 |a Název originálu uveden chybně, správně je: Apple blossom stables - Julia and Smartie 
520 2 |a Pokračování příběhů kamarádek odehrávající se na ranči Jabloňový květ.  |b Silná bouře napáchala na ranči obrovské škody, a tak mají Saša, Julie a jejich kamarádky plné ruce práce a plnou hlavu starostí. Podaří se stáje zachránit, když Juliini rodiče nemají dost peněz na zaplacení oprav? Může ještě ranč Jabloňový květ dále existovat, když vítr vyvrátil jabloň, která mu dala jméno? Nakladatelská anotace. 
521 8 |a Pro čtenáře od 7 let 
655 7 |a anglicky psané příběhy  |7 fd183173  |2 czenas 
655 7 |a publikace pro děti  |7 fd133156  |2 czenas 
655 9 |a stories in English  |2 eczenas 
655 9 |a children's literature  |2 eczenas 
700 1 |a Štěpáníková, Lenka  |7 jo2012702653  |4 trl 
765 1 |t Apple blossom stables 
787 0 8 |i Z cyklu:  |t Ranč Jabloňový květ  |g 6 
900 |a ABA001  |b 20 
928 9 |a Albatros Media - CPress 
044 |a xr 
910 |a RBIT002 
998 |d 364588  |a https://core.palmknihy.cz/api/books/364588/cover?si7ggq  |b https://core.palmknihy.cz/api/books/364588/cover/400?si7ggq  |c https://core.palmknihy.cz/api/books/364588/cover/50?si7ggq  |e 2026-07-20  |g 128  |i 9788026444930  |k https://core.palmknihy.cz/api/books/364588/preview.pdf  |l   |q 49  |r 1  |s https://www.palmknihy.cz/kniha/364588  |t ebook  |y 2022  |z 0  |v Ranč Jabloňový květ  |w 6 
999 |d 311771